Nezamestnanosť - fenomén či strašiak?
Poznatky o politike zamestnanosti v Nemecku. Politika zamestnanosti a politika trhu práce sa aplikuje v súlade so zákonom o podpore zamestnanosti z r. 1969. Za plnenie úloh vyplývajúcich z uvedeného zákona zodpovedá Spolkový úrad práce. Sústava úradov práce je financovaná z tzv. fondu nezamestnanost...
Guardado en:
| Autor principal: | |
|---|---|
| Formato: | Capítulo de libro |
| Lenguaje: | eslovaco |
| Materias: | |
| Etiquetas: |
Sin Etiquetas, Sea el primero en etiquetar este registro!
|
MARC
| LEADER | 00000naa a2200000 4500 | ||
|---|---|---|---|
| 001 | r006429 | ||
| 005 | 20221125081554.5 | ||
| 041 | 0 | |a slo | |
| 044 | |a [CS] | ||
| 245 | 1 | 0 | |a Nezamestnanosť - fenomén či strašiak? |c M. Zoller |
| 520 | |a Poznatky o politike zamestnanosti v Nemecku. Politika zamestnanosti a politika trhu práce sa aplikuje v súlade so zákonom o podpore zamestnanosti z r. 1969. Za plnenie úloh vyplývajúcich z uvedeného zákona zodpovedá Spolkový úrad práce. Sústava úradov práce je financovaná z tzv. fondu nezamestnanosti a zo štátneho rozpočtu. Okrem podpory v nezamestnanosti sa vypláca aj sociálna podpora. Charakteristika organizácie systému úradov práce. Poučenie pre ČSFR. | ||
| 610 | 2 | 0 | |a nezamestnanosť |
| 610 | 2 | 0 | |a Nemecko |
| 610 | 2 | 0 | |a trh práce |
| 610 | 2 | 0 | |a podpory v nezamestnanosti |
| 610 | 2 | 0 | |a predpisy právne |
| 610 | 2 | 0 | |a úrady práce |
| 610 | 2 | 0 | |a podpory |
| 610 | 2 | 0 | |a financie verejné |
| 100 | 1 | |a Zoller, M. | |